Mistrzowie Polski w piłce nożnej - Statystyki

Ogólne statystyki
  • Ten quiz został rozwiązany 646 razy
    135 od ostatniego zresetowania
  • Średni wynik to 14 z 20
Statystyki odpowiedzi
Klub % Poprawnych
Lech Poznań
97%
Legia Warszawa
97%
Wisła Kraków
94%
Jagiellonia Białystok
90%
Górnik Zabrze
87%
Raków Częstochowa
87%
Ruch Chorzów
85%
Cracovia
82%
Śląsk Wrocław
82%
Polonia Warszawa
78%
Widzew Łódź
77%
ŁKS Łódź
71%
Piast Gliwice
69%
Zagłębie Lubin
67%
Polonia Bytom
53%
Warta Poznań
48%
Stal Mielec
45%
Pogoń Lwów
39%
Szombierki Bytom
34%
Garbarnia Kraków
29%
Nie znaleziono quizów pasujących do podanych kryteriów
Rozkład punktacji
Procent ludzi z każdym wynikiem
Percentyl według liczby udzielonych odpowiedzi
Twoja historia wyników
Nie rozwiązałeś tego quizu od ostatniego zresetowania